La ciudad blanca, Anuario de la Ct̀edra Universitaria Espaą-Israel

Detalles Bibliográficos
Autor principal: Garca̕-Monc,̤ Alfonso M.
Formato: eBook
Lenguaje:español
Publicado: Madrid: Dykinson, 2013
Materias:
Acceso en línea:Acceso restringido

MARC

LEADER 00000nam a22000007a 4500
005 20131217160817.0
007 cr|||| ||||
008 131217s2013 sp |||||s|||| 00||0 spa d
020 |a 2340-1052 
022 |a 2340-1052 
035 |a 11685 
040 |a vLex 
090 |c 4621  |d 4621 
100 |a Garca̕-Monc,̤ Alfonso M. 
245 1 0 |a La ciudad blanca, Anuario de la Ct̀edra Universitaria Espaą-Israel  |h [Recurso electrn̤ico] /  |c Alfonso M. Garca̕-Monc ̤ 
256 |a Servicio en ln̕ea 
260 |a Madrid:  |b Dykinson,  |c 2013 
300 |a 1 recurso electrn̤ico 
650 |a Derecho internacional 
740 0 |a vLex Libros (Servicio en ln̕ea) 
856 |u http://vlex.com/source/ciudad-blanca-anuario-catedra-universitaria-espa-a-israel-11685  |z Acceso restringido 
942 |c BOOK 
999 0 |a International law